• 首页
  • 本馆介绍
  • 公告通知
  • 最新文献
  • 馆藏检索
  • 电子资源
  • 读者导购
  • 参考咨询
  • 我的图书馆
  • 登录
  • 详细信息显示
  • 放入我的书架
  • 预约/预借图书
  • 作者相关作品
  • 分类相关作品
  • 丛书相关作品
  • 出版社相关作品

书目信息

  • 表格格式
  • 工作单格式
  • 卡片格式
题名:
规模化生态肉牛养殖技术
    
 
作者: 曹玉凤
分册:  
出版信息: 北京   中国农业大学出版社  2012
页数: 326
开本: 20cm
丛书名:
单 册:
中图分类: S82
科图分类:
主题词: 家畜
电子资源:
ISBN: 7-5655-0639-0
000 00547nam0 2200181 450
001 1735965424
005 20170410095925.42
010    @a7-5655-0639-0@d¥19.00
100    @a20170410d km y0chiy0120 ea
101 0  @achi
200 1  @a规模化生态肉牛养殖技术@Agui mo hua sheng tai rou niu yang zhi ji shu@f曹玉凤@Fcao yu feng
210    @a北京@c中国农业大学出版社@d2012
215    @a326@d20cm
606 0  @a家畜
690    @aS82@v4
701  0 @a曹玉凤@Acao yu feng
801  0 @aCN@b大连网信软件有限公司图书馆·11@c20170410
905    @b6604901@dS82@en7@f1
    
    规模化生态肉牛养殖技术/曹玉凤.-北京:中国农业大学出版社,2012
    326;20cm
    
    
    ISBN 7-5655-0639-0:¥19.00
    
●
相关链接 在E读中查询图书 在五车中查询图书 在当当中查询图书 在豆瓣中查询图书


正题名:规模化生态肉牛养殖技术     索取号:S82/n7         预约/预借

序号 登录号 条形码 馆藏地/架位号 状态 备注
1 6604901   266049019   生命科学系资料室/ [索取号:S82/n7] 在馆    
唐山师范学院图书馆 欢迎您!
大连网信软件有限公司© 版权所有